[Event "Wch U18 Girls"]
[Site "Montesilvano"]
[Date "2023.11.24"]
[Round "11"]
[White "Changkachith, Alyssa"]
[Black "Soares, Sara Joana de Moura"]
[Result "0-1"]
[WhiteElo "1147"]
[BlackElo "1772"]
[PlyCount "160"]
[EventDate "2023.11.13"]
[EventType "swiss"]
[EventRounds "11"]
[EventCountry "ITA"]
[SourceTitle "CB48_2023"]
[SourceDate "2023.11.29"]
[SourceVersion "1"]
[SourceVersionDate "2023.11.29"]
[SourceQuality "1"]

1. e4 e6 2. d4 d5 3. exd5 exd5 4. Bf4 Bd6 5. Bxd6 Qxd6 6. c3 Bf5 7. Bd3 Bxd3 8. Qxd3 Nc6 9. Na3 Nge7 10. Nf3 f6 11. Nc2 Ng6 12. Qe2+ Nge7 13. Nd2 Qd7 14. Nb3 b6 15. 0-0 0-0 16. Rfe1 Ng6 17. Qe6+ Qxe6 18. Rxe6 Nd8 19. Re3 Nf7 20. Nb4 Rfd8 21. Rae1 Rd6 22. Re8+ Rxe8 23. Rxe8+ Nf8 24. Re7 a5 25. Na6 Re6 26. Rxe6 Nxe6 27. Kf1 Kf8 28. Ke2 Ke7 29. g3 Nfd8 30. Nd2 Kd7 31. b4 Kc6 32. a4 Kb7 33. b5 Nf7 34. Nf1 c6 35. Ne3 cxb5 36. axb5 Nd6 37. Nxd5 Nxb5 38. Nb8 Kxb8 39. Nxb6 Nxc3+ 40. Kd3 Nb5 41. d5 Nd8 42. Kc4 Nd6+ 43. Kd4 Kc7 44. Na4 N8f7 45. f4 Nf5+ 46. Kc5 N7d6 47. Nb6 Nc8 48. Na4 Nfd6 49. g4 Nb7+ 50. Kd4 Nb6 51. Nc3 a4 52. Nb1 Na5 53. Na3 Nb3+ 54. Ke4 Nd2+ 55. Kd4 Ndc4 56. Nb5+ Kd7 57. Kc5 a3 58. Nc3 Na4+ 59. Kxc4 Nxc3 60. Kxc3 Kd6 61. g5 Kxd5 62. Kb3 Ke4 63. Kxa3 Kxf4 64. gxf6 gxf6 65. Kb3 Ke3 66. Kc2 Ke2 67. Kc3 f5 68. Kd4 f4 69. Ke5 f3 70. Kf6 f2 71. h4 f1Q+ 72. Kg5 Qg2+ 73. Kf4 h5 74. Kf5 Qg4+ 75. Kf6 Qxh4+ 76. Kg6 Qg4+ 77. Kh7 h4 78. Kh8 h3 79. Kh7 h2 80. Kh8 h1Q# 0-1